ម្ចាស់បំណុលស្នេហ៏ / (Record no. 6315)

MARC details
000 -LEADER
fixed length control field 02050nam a22002537a 4500
001 - CONTROL NUMBER
control field 6315
003 - CONTROL NUMBER IDENTIFIER
control field FISKH
005 - DATE AND TIME OF LATEST TRANSACTION
control field 20250422143824.0
008 - FIXED-LENGTH DATA ELEMENTS--GENERAL INFORMATION
fixed length control field 250410b cb ||||| |||| 00| 0 eng d
040 ## - CATALOGING SOURCE
Original cataloging agency FISKH
Language of cataloging khr
Transcribing agency FISKH
Modifying agency FISKH
050 ## - LIBRARY OF CONGRESS CALL NUMBER
Classification number PZ7
082 ## - DEWEY DECIMAL CLASSIFICATION NUMBER
Classification number 800
100 ## - MAIN ENTRY--PERSONAL NAME
Personal name Sreyneath, Kry
245 ## - TITLE STATEMENT
Title ម្ចាស់បំណុលស្នេហ៏ /
Statement of responsibility, etc. និពន្ធដោយកញ្ញា គ្រី ស្រីនាថ
250 ## - EDITION STATEMENT
Edition statement ចេញផ្សាយឆ្នាំ២០១០
260 ## - PUBLICATION, DISTRIBUTION, ETC.
Place of publication, distribution, etc. ភ្នំពេញ :
Name of publisher, distributor, etc. បណ្ណាល័យ ឆពណ្ណរង្សី ,
Date of publication, distribution, etc. 2010​ .
300 ## - PHYSICAL DESCRIPTION
Extent 150 pages :
Other physical details illustrations ;
Dimensions 21 cm .
520 ## - SUMMARY, ETC.
Summary, etc. ជាប្រលោមលោកភាសាខ្មែរដែលសម្បូរទៅដោយអារម្មណ៍ស្នេហា ការសន្យា និងការរអិលរអួលក្នុងជីវិត។ ខ្លឹមសាររឿងផ្ដោតទៅលើតួអង្គស្រីនិងបុរសមួយគូ ដែលបានស្រលាញ់គ្នាយ៉ាងជាទីស្រឡាញ់ ប៉ុន្តែត្រូវជួបប្រទះនឹងឧបសគ្គជាច្រើន ដូចជាការខុសយល់គ្នា ការចោទប្រកាន់ ការចាកចេញ និងបំណុលនៃស្នេហា ដែលជារឿងដែលមិនអាចបំភ្លេចបាន។
520 ## - SUMMARY, ETC.
Summary, etc. It's a romantic drama filled with emotion, promises, and the complexities of love. It revolves around a man and a woman who deeply love each other but face numerous obstacles—misunderstandings, accusations, separation, and emotional "debts" that linger in their hearts.
650 ## - SUBJECT ADDED ENTRY--TOPICAL TERM
Topical term or geographic name entry element ម្ចាស់បំណុលស្នេហ៏
Form subdivision ប្រលោមលោកបែបមនោសញ្ចេតនា​
650 ## - SUBJECT ADDED ENTRY--TOPICAL TERM
Topical term or geographic name entry element Mjas bol nol sne
Form subdivision Romantic novels
942 ## - ADDED ENTRY ELEMENTS (KOHA)
Source of classification or shelving scheme Dewey Decimal Classification
Koha item type Books
Suppress in OPAC No
Holdings
Withdrawn status Lost status Source of classification or shelving scheme Damaged status Not for loan Collection Home library Current library Shelving location Date acquired Total Checkouts Full call number Barcode Date last seen Copy number Price effective from Koha item type
    Dewey Decimal Classification     Khmer Language Books / សៀវភៅភាសាខ្មែរ Footprints International School Library Network Toul Tom Poung Campus Footprints International School Library Network Toul Tom Poung Campus TTP Primary Khmer Bookshelves 04/10/2025   SRE PZ7 800 FISSE01620 04/10/2025 1 04/10/2025 Books
    Dewey Decimal Classification     Khmer Language Books / សៀវភៅភាសាខ្មែរ Footprints International School Library Network Toul Tom Poung Campus Footprints International School Library Network Toul Tom Poung Campus TTP Primary Khmer Bookshelves 04/10/2025   SRE PZ7 800 FISSE01765 04/10/2025 2 04/10/2025 Books